Apuntes de anatomía : aplicación al dibujo artístico : vol. I, Osteología / José Ma Pinto Díaz aplicación al dibujo artístico :
Descripción Física:
38 f. : il. ; 30 cm
Materias:
Anatomia artística
MARC
| LEADER | 00000nam a2200000Ia 4500 | ||
|---|---|---|---|
| 001 | 2017 | ||
| 003 | BGR | ||
| 005 | 20260324175603.0 | ||
| 008 | 160829s9999 xx 000 0 cat d | ||
| 080 | |a B-1-49 | ||
| 100 | |a Pinto Díaz, José Ma |9 34176 | ||
| 245 | |a Apuntes de anatomía : |b aplicación al dibujo artístico : |b vol. I, Osteología / José Ma Pinto Díaz | ||
| 260 | |a Barcelona : |b Diputació de Barcelona (Escola d'Arts i Oficis), [198 - ?] | ||
| 300 | |a 38 f. : |b il. ; |c 30 cm | ||
| 650 | |a Anatomia artística |9 34177 | ||
| 710 | 2 | |a Escola d'Arts i Oficis (Barcelona, Catalunya) |9 55874 | |
| 901 | |a Arxiu | ||
| 942 | |n 1 |2 udc |c MON | ||
| 952 | |0 0 |1 0 |4 0 |6 B149 |7 1 |9 46415 |a Arxiu |b Arxiu |d 2016-12-01 |l 0 |o B-1-49 |p 2017 |r 2016-12-01 00:00:00 |w 2016-12-01 |y ARXIU | ||
| 999 | |c 50200 |d 50200 | ||